000 00773cab a2200205 4500
001 ABS40121
008 090401t1988 xxu||||| |||| 00| 0 eng d
035 _a(Sirsi) u21612
041 _aeng
100 _aRadevsky, T.
245 _aLiving over a shop: Rent Act protection
260 _c1988
350 _a0
490 _aSolicitors` Journal
_v132(48) 2 December 1988, 1650-1652(2)
520 _aConsiders whether a residential subtenant of part of premises let on a business tenancy to a tenant has Rent Act protection against the head landlord on termination of the tenants agreement.
650 _aPROPERTY-RESIDENTIAL PROPERTY-RESIDENTIAL LANDLORD AND TENANT-RESIDENTIAL TENANCIES
690 _aLandlord and tenant
_96252
942 _n0
948 _c04/03/1997
999 _c14501
_d14501